| 000 | 00981nam a22002537a 4500 | ||
|---|---|---|---|
| 999 |
_c22409 _d22409 |
||
| 003 | OSt | ||
| 005 | 20220606101617.0 | ||
| 008 | 220602b ||||| |||| 00| 0 spa d | ||
| 020 | _a9786123050450 | ||
| 040 | _cBiblioteca Municipal de Cusco | ||
| 082 |
_a869.56/C938P _bC938P |
||
| 100 |
_aCueto, Alonso _d1954- _948064 |
||
| 245 |
_aPálido cielo / _cAlonso Cueto ; prólogo de Jeremías Gamboa ; orientación para maestros y guía de lectura, Jéssica Rodríguez López |
||
| 250 | _aSegunda edición, primera reimpresión | ||
| 260 |
_aLima : _bPeisa, _c2019. |
||
| 300 |
_a82, [1] páginas. : _bilustraciones., retratos. ; _c19 cm. |
||
| 490 | _aSerie del río hablador | ||
| 490 | _aBiblioteca Alonso Cueto. Novela | ||
| 650 |
_aNovelas peruanas _ySiglo XX _947961 |
||
| 650 |
_aComprensión de lectura _vCuadernos de trabajo _948065 |
||
| 700 |
_aGamboa, Jeremías _d1975- _eprologuista _948066 |
||
| 700 |
_aRodríguez López, Jessica _d1972- _948067 |
||
| 942 |
_2ddc _cLIBROS |
||